01246nam a2200265 a 450000100100000000500170001000800410002702000180006804000250008608200180011124501810012926000500031030000360036050000710039650000650046750400740053265000360060665100530064265100490069570000440074470000350078870000340082371000570085771000660091400004350720201002044824.0140320s2014 dr ac r 000 0 spa d a9789945887679 aDO-SdBNPbspacBNPHU a339.46bP739m03aLa pobreza :bmás que carencia económica /cYoselman R. Mirabal... [et al.] ; edición general Yoselman R. Mirabal, Francisco Pablo Fortuna ; prólogo Jesús Villanueva. aSanto Domingo :bProducciones Mirabal,c2014. a166 p. :bil., retrs. ;c23 cm. aIncluye datos biográficos del autor en la solapa de la cubierta. aLa biblioteca posee un ejemplar autográfiado por el autor. aIncluye referencias bibliográficas y notas al final de capítulos. 4aPobrezazRepública Dominicana 4aRepública DominicanaxCondiciones Económicas 4aRepública DominicanaxCondiciones Sociales12aMirabal Rosario,Yoselman Rodwin,d1969-12aFortuna, Francisco Pablo,eed.12aVillanueva, Jesús,epról.22aExpocongreso Cultural Cristiano Internacional (ECCI)22aAsociación Dominicana de Teólogos Evangélicos (ADOTEVA)